[Event "Benidorm Satellite preliminary"]
[Site "playchess.com #007036"]
[Date "2009.10.24"]
[Round "1"]
[White "Knetterbernd"]
[Black "Roi folichon"]
[Result "1-0"]
[WhiteElo "2220"]
[BlackElo "1608"]
[PlyCount "51"]
[EventDate "2009.10.24"]
[EventType "swiss (blitz)"]

1. e4 {[%emt 0:00:02]} e5 {[%emt 0:00:01]} 2. Nf3 {[%emt 0:00:01]} Nc6 {[%emt
0:00:00]} 3. Bb5 {[%emt 0:00:02]} d6 {[%emt 0:00:01]} 4. d4 {[%emt 0:00:07]}
exd4 {[%emt 0:00:01]} 5. Nxd4 {[%emt 0:00:08]} Bd7 {[%emt 0:00:03]} 6. Nc3 {
[%emt 0:00:07]} Nf6 {[%emt 0:00:02]} 7. O-O {[%emt 0:00:08]} Be7 {[%emt 0:00:
02]} 8. Bg5 {[%emt 0:00:04]} O-O {[%emt 0:00:01]} 9. Bxc6 {[%emt 0:00:06]} Bxc6
{[%emt 0:00:01]} 10. Nxc6 {[%emt 0:00:03]} bxc6 {[%emt 0:00:01]} 11. Qd3 {
[%emt 0:00:01]} Ne8 {[%emt 0:00:04]} 12. Bxe7 {[%emt 0:00:08]} Qxe7 {[%emt 0:
00:03]} 13. f4 {[%emt 0:00:02]} Nf6 {[%emt 0:00:04]} 14. Rae1 {[%emt 0:00:03]}
Qd7 {[%emt 0:00:04]} 15. Ne2 {[%emt 0:00:15]} Rfe8 {[%emt 0:00:07]} 16. Ng3 {
[%emt 0:00:04]} Re7 {[%emt 0:00:05]} 17. Nf5 {[%emt 0:00:03]} Ree8 {[%emt 0:00:
08]} 18. Qg3 {[%emt 0:00:06]} g6 {[%emt 0:00:02]} 19. Qc3 {[%emt 0:00:08]} Re6
{[%emt 0:00:25]} 20. Nh6+ {[%emt 0:00:09]} Kg7 {[%emt 0:00:03]} 21. Ng4 {[%emt
0:00:05]} Qd8 {[%emt 0:00:06]} 22. f5 {[%emt 0:00:08]} Re8 {[%emt 0:00:14]} 23.
fxg6 {[%emt 0:00:04]} fxg6 {[%emt 0:00:05]} 24. Nxf6 {[%emt 0:00:02]} Rf8 {
[%emt 0:00:22]} 25. Nd7+ {[%emt 0:00:04]} Kh6 {[%emt 0:00:21]} 26. Rxf8 {[%emt
0:00:05] Roi folichon abandonne} 1-0

[Event "Benidorm Satellite preliminary"]
[Site "playchess.com #007036"]
[Date "2009.10.24"]
[Round "1"]
[White "Scottie"]
[Black "Dimitri_Ovanov"]
[Result "1-0"]
[WhiteElo "2258"]
[BlackElo "1615"]
[PlyCount "59"]
[EventDate "2009.10.24"]
[EventType "swiss (blitz)"]

1. e4 {[%emt 0:00:01]} g6 {[%emt 0:00:03]} 2. d4 {[%emt 0:00:02]} Nf6 {[%emt 0:
00:01]} 3. Nc3 {[%emt 0:00:00]} Bg7 {[%emt 0:00:01]} 4. e5 {[%emt 0:00:01]} Ng8
{[%emt 0:00:08]} 5. Bc4 {[%emt 0:00:01]} d6 {[%emt 0:00:02]} 6. Qe2 {[%emt 0:
00:04]} dxe5 {[%emt 0:00:11]} 7. dxe5 {[%emt 0:00:01]} e6 {[%emt 0:00:02]} 8.
Nf3 {[%emt 0:00:02]} Ne7 {[%emt 0:00:01]} 9. Bg5 {[%emt 0:00:03]} Nd7 {[%emt 0:
00:05]} 10. Rd1 {[%emt 0:00:04]} O-O {[%emt 0:00:12]} 11. Ne4 {[%emt 0:00:03]}
Qe8 {[%emt 0:00:02]} 12. Bb5 {[%emt 0:00:19]} Nc6 {[%emt 0:00:02]} 13. Kf1 {
[%emt 0:00:07]} h6 {[%emt 0:00:14]} 14. Bf4 {[%emt 0:00:06]} g5 {[%emt 0:00:04]
} 15. Nfxg5 {[%emt 0:00:07]} hxg5 {[%emt 0:00:02]} 16. Nxg5 {[%emt 0:00:00]}
Qe7 {[%emt 0:00:10]} 17. Qh5 {[%emt 0:00:42]} Re8 {[%emt 0:00:02]} 18. h4 {
[%emt 0:00:10]} Ndxe5 {[%emt 0:00:03]} 19. Qh7+ {[%emt 0:00:22]} Kf8 {[%emt 0:
00:02]} 20. h5 {[%emt 0:00:01]} Qf6 {[%emt 0:00:06]} 21. Qe4 {[%emt 0:00:05]}
Bh6 {[%emt 0:00:18]} 22. Nh7+ {[%emt 0:00:02]} Ke7 {[%emt 0:00:04]} 23. Nxf6 {
[%emt 0:00:01]} Kxf6 {[%emt 0:00:01]} 24. Bxh6 {[%emt 0:00:01]} Rh8 {[%emt 0:
00:02]} 25. Qh4+ {[%emt 0:00:06]} Kf5 {[%emt 0:00:01]} 26. Qg5+ {[%emt 0:00:01]
} Ke4 {[%emt 0:00:02]} 27. f3+ {[%emt 0:00:03]} Nxf3 {[%emt 0:00:04]} 28. gxf3+
{[%emt 0:00:00]} Kxf3 {[%emt 0:00:01]} 29. Rh3+ {[%emt 0:00:02]} Ke4 {[%emt 0:
00:03]} 30. Re3# {[%emt 0:00:02]} 1-0

[Event "Benidorm Satellite preliminary"]
[Site "playchess.com #007036"]
[Date "2009.10.24"]
[Round "1"]
[White "jchess06"]
[Black "-st!er-"]
[Result "0-1"]
[WhiteElo "1816"]
[BlackElo "2815"]
[PlyCount "88"]
[EventDate "2009.10.24"]
[EventType "swiss (blitz)"]

1. d4 {[%emt 0:00:01]} Nf6 {[%emt 0:00:06]} 2. Bg5 {[%emt 0:00:03]} c5 {[%emt
0:00:02]} 3. d5 {[%emt 0:00:04]} Ne4 {[%emt 0:00:02]} 4. Bf4 {[%emt 0:00:03]}
e6 {[%emt 0:00:05]} 5. f3 {[%emt 0:00:02]} Nf6 {[%emt 0:00:03]} 6. dxe6 {[%emt
0:00:04]} fxe6 {[%emt 0:00:03]} 7. e4 {[%emt 0:00:02]} d5 {[%emt 0:00:01]} 8.
Bb5+ {[%emt 0:00:08]} Bd7 {[%emt 0:00:06]} 9. Bxd7+ {[%emt 0:00:05]} Nbxd7 {
[%emt 0:00:00]} 10. exd5 {[%emt 0:00:02]} exd5 {[%emt 0:00:01]} 11. Nc3 {[%emt
0:00:04]} d4 {[%emt 0:00:01]} 12. Ne4 {[%emt 0:00:01]} Nxe4 {[%emt 0:00:06]}
13. fxe4 {[%emt 0:00:00]} Be7 {[%emt 0:00:01]} 14. Nf3 {[%emt 0:00:03]} O-O {
[%emt 0:00:01]} 15. Bg3 {[%emt 0:00:03]} Nf6 {[%emt 0:00:01]} 16. e5 {[%emt 0:
00:02]} Nd5 {[%emt 0:00:01]} 17. O-O {[%emt 0:00:02]} Ne3 {[%emt 0:00:01]} 18.
Qe2 {[%emt 0:00:02]} Nxf1 {[%emt 0:00:01]} 19. Rxf1 {[%emt 0:00:01]} Qd5 {
[%emt 0:00:00]} 20. b3 {[%emt 0:00:08]} Rae8 {[%emt 0:00:02]} 21. Rd1 {[%emt 0:
00:02]} Qe6 {[%emt 0:00:08]} 22. Qb5 {[%emt 0:00:04]} b6 {[%emt 0:00:14]} 23.
h3 {[%emt 0:00:05]} Rd8 {[%emt 0:00:05]} 24. Nd2 {[%emt 0:00:06]} Bg5 {[%emt 0:
00:07]} 25. Ne4 {[%emt 0:00:02]} Bf4 {[%emt 0:00:04]} 26. Bxf4 {[%emt 0:00:12]}
Rxf4 {[%emt 0:00:00]} 27. Ng5 {[%emt 0:00:05]} Qxe5 {[%emt 0:00:04]} 28. Qc4+ {
[%emt 0:00:04]} Qd5 {[%emt 0:00:01]} 29. Ne6 {[%emt 0:00:03]} Qxc4 {[%emt 0:00:
04]} 30. bxc4 {[%emt 0:00:01]} Rdf8 {[%emt 0:00:03]} 31. Nxf8 {[%emt 0:00:03]}
Kxf8 {[%emt 0:00:01]} 32. Rd2 {[%emt 0:00:04]} Re4 {[%emt 0:00:03]} 33. Kf2 {
[%emt 0:00:01]} Re3 {[%emt 0:00:01]} 34. Rd1 {[%emt 0:00:27]} Rc3 {[%emt 0:00:
08]} 35. Rc1 {[%emt 0:00:05]} Rxc4 {[%emt 0:00:01]} 36. Kf3 {[%emt 0:00:01]} d3
{[%emt 0:00:01]} 37. c3 {[%emt 0:00:03]} d2 {[%emt 0:00:02]} 38. Rd1 {[%emt 0:
00:02]} Rxc3+ {[%emt 0:00:01]} 39. Ke4 {[%emt 0:00:03]} Rc2 {[%emt 0:00:02]}
40. a3 {[%emt 0:00:01]} c4 {[%emt 0:00:01]} 41. Kd4 {[%emt 0:00:03]} b5 {[%emt
0:00:04]} 42. a4 {[%emt 0:00:03]} b4 {[%emt 0:00:02]} 43. Ke3 {[%emt 0:00:04]}
c3 {[%emt 0:00:01]} 44. Kd3 {[%emt 0:00:01]} Rc1 {[%emt 0:00:01] jchess06
abandonne  (Lag: Av=0.53s, max=1.6s)} 0-1

[Event "Benidorm Satellite preliminary"]
[Site "playchess.com #007036"]
[Date "2009.10.24"]
[Round "1"]
[White "Remco"]
[Black "Tackiness"]
[Result "1-0"]
[WhiteElo "2326"]
[BlackElo "1621"]
[PlyCount "43"]
[EventDate "2009.10.24"]
[EventType "swiss (blitz)"]

1. e4 {[%emt 0:00:02]} c6 {[%emt 0:00:01]} 2. d4 {[%emt 0:00:01]} d5 {[%emt 0:
00:01]} 3. Nc3 {[%emt 0:00:01]} dxe4 {[%emt 0:00:01]} 4. Nxe4 {[%emt 0:00:00]}
Nf6 {[%emt 0:00:00]} 5. Nxf6+ {[%emt 0:00:02]} exf6 {[%emt 0:00:01]} 6. c3 {
[%emt 0:00:01]} Bd6 {[%emt 0:00:01]} 7. Bd3 {[%emt 0:00:04]} O-O {[%emt 0:00:
01]} 8. Ne2 {[%emt 0:00:02]} Re8 {[%emt 0:00:01]} 9. O-O {[%emt 0:00:03]} Nd7 {
[%emt 0:00:01]} 10. f4 {[%emt 0:00:03]} g6 {[%emt 0:00:11]} 11. f5 {[%emt 0:00:
09]} g5 {[%emt 0:00:17]} 12. h4 {[%emt 0:00:32]} h6 {[%emt 0:00:03]} 13. Rf3 {
[%emt 0:00:43]} Qc7 {[%emt 0:00:11]} 14. Rh3 {[%emt 0:00:02]} Kg7 {[%emt 0:00:
02]} 15. Kf1 {[%emt 0:00:05]} Rh8 {[%emt 0:00:02]} 16. Ng1 {[%emt 0:00:05]} Nb6
{[%emt 0:00:02]} 17. hxg5 {[%emt 0:00:23]} fxg5 {[%emt 0:00:07]} 18. Bxg5 {
[%emt 0:00:49]} Bd7 {[%emt 0:00:32]} 19. Qh5 {[%emt 0:00:14]} Be8 {[%emt 0:00:
18]} 20. Bxh6+ {[%emt 0:00:03]} Rxh6 {[%emt 0:00:01]} 21. Qxh6+ {[%emt 0:00:00]
} Kg8 {[%emt 0:00:02]} 22. Qh8# {[%emt 0:00:01]} 1-0

[Event "Benidorm Satellite preliminary"]
[Site "playchess.com #007036"]
[Date "2009.10.24"]
[Round "1"]
[White "Alexrules01"]
[Black "Z3ro89"]
[Result "0-1"]
[WhiteElo "1604"]
[BlackElo "2207"]
[PlyCount "68"]
[EventDate "2009.10.24"]
[EventType "swiss (blitz)"]

1. d4 {[%emt 0:00:02]} Nf6 {[%emt 0:00:17]} 2. c4 {[%emt 0:00:01]} d6 {[%emt 0:
00:01]} 3. Nc3 {[%emt 0:00:01]} g6 {[%emt 0:00:01]} 4. e4 {[%emt 0:00:01]} Bg7
{[%emt 0:00:01]} 5. Nf3 {[%emt 0:00:01]} O-O {[%emt 0:00:01]} 6. Be2 {[%emt 0:
00:01]} e5 {[%emt 0:00:01]} 7. Be3 {[%emt 0:00:02]} Nc6 {[%emt 0:00:03]} 8. d5
{[%emt 0:00:01]} Ne7 {[%emt 0:00:01]} 9. O-O {[%emt 0:00:01]} c5 {[%emt 0:00:
03]} 10. a3 {[%emt 0:00:02]} Nd7 {[%emt 0:00:02]} 11. b4 {[%emt 0:00:01]} b6 {
[%emt 0:00:01]} 12. Ne1 {[%emt 0:00:03]} f5 {[%emt 0:00:02]} 13. f3 {[%emt 0:
00:01]} f4 {[%emt 0:00:01]} 14. Bf2 {[%emt 0:00:01]} g5 {[%emt 0:00:00]} 15.
Nd3 {[%emt 0:00:02]} Rf6 {[%emt 0:00:01]} 16. Rb1 {[%emt 0:00:02]} Bf8 {[%emt
0:00:03]} 17. bxc5 {[%emt 0:00:02]} Nxc5 {[%emt 0:00:03]} 18. Nxc5 {[%emt 0:00:
01]} bxc5 {[%emt 0:00:01]} 19. Nb5 {[%emt 0:00:02]} a6 {[%emt 0:00:02]} 20. Nc3
{[%emt 0:00:02]} Rg6 {[%emt 0:00:01]} 21. Na4 {[%emt 0:00:24]} g4 {[%emt 0:00:
10]} 22. fxg4 {[%emt 0:00:13]} Rg7 {[%emt 0:00:03]} 23. Nb6 {[%emt 0:00:03]}
Rb8 {[%emt 0:00:02]} 24. Nxc8 {[%emt 0:00:04]} Qxc8 {[%emt 0:00:02]} 25. Qa4 {
[%emt 0:00:07]} Rxb1 {[%emt 0:00:07]} 26. Rxb1 {[%emt 0:00:02]} h5 {[%emt 0:00:
08]} 27. gxh5 {[%emt 0:00:14]} Qh3 {[%emt 0:00:03]} 28. Bf3 {[%emt 0:00:10]}
Qxf3 {[%emt 0:00:03]} 29. g3 {[%emt 0:00:11]} Qxh5 {[%emt 0:00:03]} 30. Rb8 {
[%emt 0:00:05]} f3 {[%emt 0:00:06]} 31. Qd7 {[%emt 0:00:08]} Qg4 {[%emt 0:00:
07]} 32. Qxd6 {[%emt 0:00:15]} Qh3 {[%emt 0:00:04]} 33. Rxf8+ {[%emt 0:00:09]}
Kxf8 {[%emt 0:00:03]} 34. Qf6+ {[%emt 0:00:06]} Rf7 {[%emt 0:00:05]
Alexrules01 resigns} 0-1

[Event "Benidorm Satellite preliminary"]
[Site "playchess.com #007036"]
[Date "2009.10.24"]
[Round "1"]
[White "Tpeter"]
[Black "Phlegias"]
[Result "0-1"]
[WhiteElo "1187"]
[BlackElo "1951"]
[PlyCount "84"]
[EventDate "2009.10.24"]
[EventType "swiss (blitz)"]

1. Nf3 {[%emt 0:00:02]} g6 {[%emt 0:00:02]} 2. g3 {[%emt 0:00:02]} Bg7 {[%emt
0:00:01]} 3. Bg2 {[%emt 0:00:01]} c5 {[%emt 0:00:02]} 4. c4 {[%emt 0:00:03]} e6
{[%emt 0:00:02]} 5. Nc3 {[%emt 0:00:01]} Ne7 {[%emt 0:00:01]} 6. b3 {[%emt 0:
00:01]} O-O {[%emt 0:00:03]} 7. Bb2 {[%emt 0:00:01]} d5 {[%emt 0:00:03]} 8. Rb1
{[%emt 0:00:04]} d4 {[%emt 0:00:06]} 9. Ne4 {[%emt 0:00:05]} b6 {[%emt 0:00:04]
} 10. O-O {[%emt 0:00:02]} Bb7 {[%emt 0:00:01]} 11. d3 {[%emt 0:00:03]} Nbc6 {
[%emt 0:00:08]} 12. Ned2 {[%emt 0:00:09]} Qc7 {[%emt 0:00:07]} 13. e3 {[%emt 0:
00:04]} e5 {[%emt 0:00:03]} 14. exd4 {[%emt 0:00:05]} Nxd4 {[%emt 0:00:08]} 15.
Nxd4 {[%emt 0:00:02]} exd4 {[%emt 0:00:01]} 16. Bxb7 {[%emt 0:00:10]} Qxb7 {
[%emt 0:00:01]} 17. Ne4 {[%emt 0:00:01]} f5 {[%emt 0:00:07]} 18. Ng5 {[%emt 0:
00:13]} Qd7 {[%emt 0:00:15]} 19. Bc1 {[%emt 0:00:11]} Nc6 {[%emt 0:00:09]} 20.
Bf4 {[%emt 0:00:03]} Rae8 {[%emt 0:00:03]} 21. Qf3 {[%emt 0:00:15]} h6 {[%emt
0:00:09]} 22. Nh3 {[%emt 0:00:13]} g5 {[%emt 0:00:01]} 23. Bd2 {[%emt 0:00:04]}
g4 {[%emt 0:00:01]} 24. Qd5+ {[%emt 0:00:09]} Qxd5 {[%emt 0:00:05]} 25. cxd5 {
[%emt 0:00:01]} Ne5 {[%emt 0:00:07]} 26. Nf4 {[%emt 0:00:02]} Nf3+ {[%emt 0:00:
01]} 27. Kg2 {[%emt 0:00:05]} Nxd2 {[%emt 0:00:01]} 28. Rbd1 {[%emt 0:00:02]}
Nxf1 {[%emt 0:00:01]} 29. Kxf1 {[%emt 0:00:01]} Kh7 {[%emt 0:00:07]} 30. Ne6 {
[%emt 0:00:01]} Rf7 {[%emt 0:00:05]} 31. Nxg7 {[%emt 0:00:04]} Kxg7 {[%emt 0:
00:01]} 32. d6 {[%emt 0:00:05]} Rd7 {[%emt 0:00:02]} 33. Re1 {[%emt 0:00:02]}
Rxe1+ {[%emt 0:00:02]} 34. Kxe1 {[%emt 0:00:01]} Rxd6 {[%emt 0:00:00]} 35. Ke2
{[%emt 0:00:01]} Re6+ {[%emt 0:00:01]} 36. Kd2 {[%emt 0:00:01]} Kf6 {[%emt 0:
00:01]} 37. a3 {[%emt 0:00:05]} Kg5 {[%emt 0:00:01]} 38. Kd1 {[%emt 0:00:03]}
f4 {[%emt 0:00:02]} 39. Kd2 {[%emt 0:00:04]} f3 {[%emt 0:00:01]} 40. Kd1 {
[%emt 0:00:02]} Re2 {[%emt 0:00:01]} 41. a4 {[%emt 0:00:03]} Rxf2 {[%emt 0:00:
01]} 42. Ke1 {[%emt 0:00:02]} Rxh2 {[%emt 0:00:01] Tpeter resigns} 0-1

[Event "Benidorm Satellite preliminary"]
[Site "playchess.com #007036"]
[Date "2009.10.24"]
[Round "1"]
[White "HaraldEtuna"]
[Black "Tuptus"]
[Result "1-0"]
[WhiteElo "2175"]
[BlackElo "1596"]
[PlyCount "51"]
[EventDate "2009.10.24"]
[EventType "swiss (blitz)"]

1. e4 {[%emt 0:00:01]} c6 {[%emt 0:00:12]} 2. d4 {[%emt 0:00:01]} d5 {[%emt 0:
00:01]} 3. exd5 {[%emt 0:00:00]} cxd5 {[%emt 0:00:01]} 4. Bd3 {[%emt 0:00:01]}
Nf6 {[%emt 0:00:01]} 5. h3 {[%emt 0:00:01]} Nc6 {[%emt 0:00:01]} 6. c3 {[%emt
0:00:01]} g6 {[%emt 0:00:05]} 7. Nf3 {[%emt 0:00:02]} Bg7 {[%emt 0:00:02]} 8.
Bf4 {[%emt 0:00:02]} O-O {[%emt 0:00:02]} 9. O-O {[%emt 0:00:01]} Qb6 {[%emt 0:
00:12]} 10. Qb3 {[%emt 0:00:02]} Qxb3 {[%emt 0:00:06]} 11. axb3 {[%emt 0:00:01]
} Ne4 {[%emt 0:00:03]} 12. Nfd2 {[%emt 0:00:11]} Bf5 {[%emt 0:00:11]} 13. Nxe4
{[%emt 0:00:18]} Bxe4 {[%emt 0:00:12]} 14. Bxe4 {[%emt 0:00:02]} dxe4 {[%emt 0:
00:01]} 15. Nd2 {[%emt 0:00:03]} f5 {[%emt 0:00:02]} 16. f3 {[%emt 0:00:05]}
exf3 {[%emt 0:00:11]} 17. Nxf3 {[%emt 0:00:01]} Rfe8 {[%emt 0:00:14]} 18. Rfe1
{[%emt 0:00:03]} Rad8 {[%emt 0:00:14]} 19. Re6 {[%emt 0:00:22]} Rd5 {[%emt 0:
00:25]} 20. Rae1 {[%emt 0:00:03]} Ra5 {[%emt 0:00:40]} 21. Bd6 {[%emt 0:00:09]}
Ra2 {[%emt 0:00:06]} 22. Ba3 {[%emt 0:00:08]} Na5 {[%emt 0:00:06]} 23. Rxe7 {
[%emt 0:00:02]} Rxe7 {[%emt 0:00:04]} 24. Rxe7 {[%emt 0:00:01]} Nxb3 {[%emt 0:
00:00]} 25. Rxb7 {[%emt 0:00:06]} Nc1 {[%emt 0:00:17]} 26. Ng5 {[%emt 0:00:05]
Tuptus poddaje siê} 1-0

[Event "Benidorm Satellite preliminary"]
[Site "playchess.com #007036"]
[Date "2009.10.24"]
[Round "1"]
[White "Came On"]
[Black "Sabla"]
[Result "1-0"]
[WhiteElo "2644"]
[BlackElo "1761"]
[PlyCount "87"]
[EventDate "2009.10.24"]
[EventType "swiss (blitz)"]

1. d4 {[%emt 0:00:00]} e6 {[%emt 0:00:02]} 2. Nf3 {[%emt 0:00:01]} Nf6 {[%emt
0:00:01]} 3. Bg5 {[%emt 0:00:02]} d5 {[%emt 0:00:02]} 4. e3 {[%emt 0:00:02]} c5
{[%emt 0:00:01]} 5. c3 {[%emt 0:00:03]} Nc6 {[%emt 0:00:01]} 6. Nbd2 {[%emt 0:
00:01]} Be7 {[%emt 0:00:01]} 7. Bd3 {[%emt 0:00:01]} Nd7 {[%emt 0:00:07]} 8.
Bxe7 {[%emt 0:00:01]} Qxe7 {[%emt 0:00:01]} 9. O-O {[%emt 0:00:00]} h5 {[%emt
0:00:03]} 10. e4 {[%emt 0:00:05]} dxe4 {[%emt 0:00:04]} 11. Nxe4 {[%emt 0:00:
01]} cxd4 {[%emt 0:00:02]} 12. cxd4 {[%emt 0:00:02]} Nf6 {[%emt 0:00:06]} 13.
Re1 {[%emt 0:00:02]} Nd5 {[%emt 0:00:11]} 14. a3 {[%emt 0:00:03]} Nf4 {[%emt 0:
00:05]} 15. Bf1 {[%emt 0:00:01]} Bd7 {[%emt 0:00:11]} 16. Ne5 {[%emt 0:00:01]}
Nxe5 {[%emt 0:00:05]} 17. dxe5 {[%emt 0:00:02]} Bc6 {[%emt 0:00:07]} 18. Nd6+ {
[%emt 0:00:01]} Kf8 {[%emt 0:00:01]} 19. g3 {[%emt 0:00:11]} Qg5 {[%emt 0:00:
08]} 20. Qc1 {[%emt 0:00:05]} h4 {[%emt 0:00:40]} 21. Qxf4 {[%emt 0:00:03]}
Qxf4 {[%emt 0:00:01]} 22. gxf4 {[%emt 0:00:01]} h3 {[%emt 0:00:04]} 23. Bd3 {
[%emt 0:00:05]} Rh4 {[%emt 0:00:03]} 24. Be4 {[%emt 0:00:07]} Rxf4 {[%emt 0:00:
06]} 25. Bxc6 {[%emt 0:00:01]} bxc6 {[%emt 0:00:01]} 26. Re3 {[%emt 0:00:00]}
Rh4 {[%emt 0:00:05]} 27. Rc1 {[%emt 0:00:04]} Rb8 {[%emt 0:00:06]} 28. b4 {
[%emt 0:00:01]} g5 {[%emt 0:00:07]} 29. Rc4 {[%emt 0:00:03]} Rh5 {[%emt 0:00:
03]} 30. Rxc6 {[%emt 0:00:01]} Kg7 {[%emt 0:00:03]} 31. Rc7 {[%emt 0:00:01]} a5
{[%emt 0:00:07]} 32. Rxf7+ {[%emt 0:00:03]} Kg8 {[%emt 0:00:04]} 33. Rb7 {
[%emt 0:00:01]} Ra8 {[%emt 0:00:03]} 34. b5 {[%emt 0:00:01]} a4 {[%emt 0:00:01]
} 35. b6 {[%emt 0:00:01]} Ra5 {[%emt 0:00:01]} 36. Rb8+ {[%emt 0:00:01]} Kg7 {
[%emt 0:00:02]} 37. b7 {[%emt 0:00:01]} Rd5 {[%emt 0:00:01]} 38. Rg8+ {[%emt 0:
00:03]} Kh7 {[%emt 0:00:08]} 39. Re1 {[%emt 0:00:01]} Kxg8 {[%emt 0:00:11]} 40.
b8=Q+ {[%emt 0:00:02]} Kg7 {[%emt 0:00:01]} 41. Ne8+ {[%emt 0:00:02]} Kg6 {
[%emt 0:00:02]} 42. Nf6 {[%emt 0:00:01]} Rh4 {[%emt 0:00:03]} 43. Qg8+ {[%emt
0:00:02]} Kf5 {[%emt 0:00:01]} 44. Nxd5 {[%emt 0:00:02] Sabla resigns} 1-0

[Event "Benidorm Satellite preliminary"]
[Site "playchess.com #007036"]
[Date "2009.10.24"]
[Round "1"]
[White "Daisuke"]
[Black "BLiTzcHAmP"]
[Result "0-1"]
[WhiteElo "1808"]
[BlackElo "2723"]
[PlyCount "76"]
[EventDate "2009.10.24"]
[EventType "swiss (blitz)"]

1. Nc3 {[%emt 0:00:02]} Nf6 {[%emt 0:00:01]} 2. e4 {[%emt 0:00:02]} e5 {[%emt
0:00:01]} 3. Bc4 {[%emt 0:00:04]} Bc5 {[%emt 0:00:01]} 4. Nf3 {[%emt 0:00:03]}
Nc6 {[%emt 0:00:01]} 5. d3 {[%emt 0:00:10]} d6 {[%emt 0:00:01]} 6. h3 {[%emt 0:
00:01]} Be6 {[%emt 0:00:02]} 7. Bxe6 {[%emt 0:00:05]} fxe6 {[%emt 0:00:01]} 8.
Bg5 {[%emt 0:00:01]} O-O {[%emt 0:00:01]} 9. O-O {[%emt 0:00:06]} Qe8 {[%emt 0:
00:01]} 10. Na4 {[%emt 0:00:07]} Bb6 {[%emt 0:00:02]} 11. Nxb6 {[%emt 0:00:01]}
axb6 {[%emt 0:00:00]} 12. a3 {[%emt 0:00:01]} Nh5 {[%emt 0:00:01]} 13. Be3 {
[%emt 0:00:05]} Nf4 {[%emt 0:00:04]} 14. Bxf4 {[%emt 0:00:08]} exf4 {[%emt 0:
00:03]} 15. Qe2 {[%emt 0:00:03]} Qh5 {[%emt 0:00:02]} 16. Rae1 {[%emt 0:00:03]}
Rf6 {[%emt 0:00:02]} 17. Nh2 {[%emt 0:00:02]} Qb5 {[%emt 0:00:06]} 18. c4 {
[%emt 0:00:10]} Qa5 {[%emt 0:00:02]} 19. Nf3 {[%emt 0:00:07]} Rg6 {[%emt 0:00:
04]} 20. Kh2 {[%emt 0:00:04]} Rf8 {[%emt 0:00:05]} 21. Qd2 {[%emt 0:00:04]} Qh5
{[%emt 0:00:02]} 22. Qe2 {[%emt 0:00:02]} Qh6 {[%emt 0:00:04]} 23. b4 {[%emt 0:
00:07]} e5 {[%emt 0:00:01]} 24. b5 {[%emt 0:00:06]} Nd8 {[%emt 0:00:01]} 25.
Rg1 {[%emt 0:00:03]} Ne6 {[%emt 0:00:01]} 26. a4 {[%emt 0:00:06]} Ng5 {[%emt 0:
00:01]} 27. Nxg5 {[%emt 0:00:02]} Rxg5 {[%emt 0:00:02]} 28. Qf3 {[%emt 0:00:03]
} Rf6 {[%emt 0:00:03]} 29. Ra1 {[%emt 0:00:04]} Qg6 {[%emt 0:00:06]} 30. a5 {
[%emt 0:00:08]} bxa5 {[%emt 0:00:01]} 31. Rxa5 {[%emt 0:00:01]} h5 {[%emt 0:00:
02]} 32. Ra7 {[%emt 0:00:07]} h4 {[%emt 0:00:02]} 33. Rxb7 {[%emt 0:00:27]} Rg3
{[%emt 0:00:03]} 34. Qe2 {[%emt 0:00:02]} f3 {[%emt 0:00:05]} 35. Qf1 {[%emt 0:
00:09]} fxg2 {[%emt 0:00:19]} 36. Rxg2 {[%emt 0:00:02]} Rff3 {[%emt 0:00:06]}
37. Rxg3 {[%emt 0:00:28]} hxg3+ {[%emt 0:00:02]} 38. Kg2 {[%emt 0:00:01]} Rxf2+
{[%emt 0:00:01] Daisuke gibt auf} 0-1

[Event "Benidorm Satellite preliminary"]
[Site "playchess.com #007036"]
[Date "2009.10.24"]
[Round "1"]
[White "Xankov"]
[Black "Dr-Bassem"]
[Result "0-1"]
[WhiteElo "1822"]
[BlackElo "2882"]
[PlyCount "60"]
[EventDate "2009.10.24"]
[EventType "swiss (blitz)"]

1. c4 {[%emt 0:00:04]} e6 {[%emt 0:00:05]} 2. g3 {[%emt 0:00:02]} f5 {[%emt 0:
00:01]} 3. Bg2 {[%emt 0:00:06]} Nf6 {[%emt 0:00:00]} 4. b3 {[%emt 0:00:12]} Be7
{[%emt 0:00:02]} 5. e3 {[%emt 0:00:08]} O-O {[%emt 0:00:00]} 6. Ne2 {[%emt 0:
00:02]} d6 {[%emt 0:00:01]} 7. O-O {[%emt 0:00:02]} c6 {[%emt 0:00:01]} 8. Bb2
{[%emt 0:00:06]} e5 {[%emt 0:00:01]} 9. d4 {[%emt 0:00:02]} Nbd7 {[%emt 0:00:
07]} 10. Nbc3 {[%emt 0:00:07]} Qe8 {[%emt 0:00:01]} 11. f4 {[%emt 0:00:11]} e4
{[%emt 0:00:11]} 12. h3 {[%emt 0:00:02]} d5 {[%emt 0:00:02]} 13. cxd5 {[%emt 0:
00:07]} cxd5 {[%emt 0:00:10]} 14. Nb5 {[%emt 0:00:03]} Qf7 {[%emt 0:00:01]} 15.
Rc1 {[%emt 0:00:11]} a6 {[%emt 0:00:03]} 16. Nbc3 {[%emt 0:00:03]} b5 {[%emt 0:
00:03]} 17. a4 {[%emt 0:00:12]} b4 {[%emt 0:00:02]} 18. Nb1 {[%emt 0:00:11]} a5
{[%emt 0:00:01]} 19. Rc7 {[%emt 0:00:13]} Ba6 {[%emt 0:00:09]} 20. Qd2 {[%emt
0:00:04]} Qh5 {[%emt 0:00:07]} 21. Re1 {[%emt 0:00:05]} Rfc8 {[%emt 0:00:02]}
22. Rxc8+ {[%emt 0:00:04]} Rxc8 {[%emt 0:00:00]} 23. Bf1 {[%emt 0:00:02]} Bd3 {
[%emt 0:00:03]} 24. Kg2 {[%emt 0:00:21]} Rc2 {[%emt 0:00:02]} 25. Qd1 {[%emt 0:
00:10]} Rxb2 {[%emt 0:00:03]} 26. Nd2 {[%emt 0:00:09]} Rc2 {[%emt 0:00:10]} 27.
Ng1 {[%emt 0:00:07]} Qxd1 {[%emt 0:00:07]} 28. Rxd1 {[%emt 0:00:01]} Rb2 {
[%emt 0:00:06]} 29. Bxd3 {[%emt 0:00:07]} exd3 {[%emt 0:00:09]} 30. Kf3 {[%emt
0:00:04]} Ne4 {[%emt 0:00:02] Xankov abbandona} 0-1